书目信息 |
| 题名: |
功率谱估计基础
|
|
| 作者: | 何平 编著 | |
| 分册: | ||
| 出版信息: | 北京 气象出版社 2016.3 |
|
| 页数: | 157页 | |
| 开本: | 24cm | |
| 丛书名: | ||
| 单 册: | ||
| 中图分类: | O32 | |
| 科图分类: | ||
| 主题词: | 功率谱估计 | |
| 电子资源: | ||
| ISBN: | 978-7-5029-6314-9 | |
| 000 | 00696nam0 2200229 450 | |
| 001 | 0400004730 | |
| 005 | 20171024172555.0 | |
| 010 | @a978-7-5029-6314-9@dCNY40.00 | |
| 100 | @a20160408d2016 em y0chiy50 ea | |
| 101 | 0 | @achi |
| 102 | @aCN@b110000 | |
| 105 | @ay z 000yy | |
| 106 | @ar | |
| 200 | 1 | @a功率谱估计基础@9gong lu pu gu ji ji chu@b专著@f何平编著 |
| 210 | @a北京@c气象出版社@d2016.3 | |
| 215 | @a157页@d24cm | |
| 330 | @a本书阐述了功率谱概念的建立,介绍了经典功率谱估计方法,简要介绍了现代功率谱共计方法中最具代表性的AR模型法。 | |
| 606 | 0 | @a功率谱估计 |
| 690 | @aO32@v5 | |
| 701 | 0 | @a何平@9he ping@4编著 |
| 801 | 0 | @aCN@b91MARC@c20171024 |
| 905 | @b1039055-9@dO32@f5@e21 | |
| 功率谱估计基础/何平编著.-北京:气象出版社,2016.3 |
| 157页;24cm |
| ISBN 978-7-5029-6314-9:CNY40.00 |
| 本书阐述了功率谱概念的建立,介绍了经典功率谱估计方法,简要介绍了现代功率谱共计方法中最具代表性的AR模型法。 |
| ● |
| 相关链接 |
|
|
|
|
正题名:功率谱估计基础
索取号:O32/21
 
预约/预借
| 序号 | 登录号 | 条形码 | 馆藏地/架位号 | 状态 | 备注 |
| 1 | 1039055 | 210390557 | 第二样本阅览室/ [索取号:O32/21] | 在馆 | |
| 2 | 1039056 | 210390566 | 密集书库-数信学院/ [索取号:O32/21] | 在馆 | |
| 3 | 1039057 | 210390575 | 第三借阅区/ [索取号:O32/21] | 在馆 | |
| 4 | 1039058 | 210390584 | 第三借阅区/ [索取号:O32/21] | 在馆 | |
| 5 | 1039059 | 210390593 | 第三借阅区/ [索取号:O32/21] | 在馆 |